| 000 | 00832nam a2200265 i 4500 | ||
|---|---|---|---|
| 001 | 11516 | ||
| 003 | ES-MaACL | ||
| 005 | 20231209062939.0 | ||
| 007 | t| | ||
| 008 | 960527s1992 sp ||||1| spa d | ||
| 020 | _a84-7100-455-0 | ||
| 080 | _a9(=1.460.21:8=60) | ||
| 100 | 1 |
_aSáenz-Díez, Juan Ignacio _9101326 |
|
| 245 | 1 | 4 |
_aLos riojanos en América / _cJuan I. Sáenz-Díez |
| 260 |
_aMadrid : _bMAPFRE, _c[1992] |
||
| 300 |
_a354 p. : _bil., map. ; _c23 cm. |
||
| 490 | 1 |
_aColección Los Españoles y América ; _v13 |
|
| 500 | _aIndices. | ||
| 504 | _aBibliografía : p. 333-337. | ||
| 650 | 1 | 4 |
_aRiojanos- _zAmérica Española- _xHistoria. _916915 |
| 830 | 0 |
_aColección Los Españoles y América ; _v13 _9228197 |
|
| 852 |
_aES-MaACL _jL-18839 _bR.124129 |
||
| 942 | _2udc | ||
| 999 |
_c11516 _d11516 |
||